000 00312nam a2200121Ia 4500
003 GCL
008 140319s9999 xx 000 0 eng d
040 _aGCL /
_cGCL
082 0 4 _a418.007
_bNR
245 1 0 _aResearch Methods In Languoge Learning
260 _a[S.N] :
_bMacmillan Publishing Company
300 _a1992 P
999 _c18220
_d18220